| 000 | 00949cad a22002175a 4500 | ||
|---|---|---|---|
| 001 | L159028 | ||
| 008 | 101105s2015 xxkbd f s 000 0 eng d | ||
| 035 | _a(Sirsi) u159028 | ||
| 041 | 0 | _aeng | |
| 050 | 0 | 4 | _a344.41065 $2 18 |
| 110 | 2 |
_aGreat Britain _bHealth and Safety Executive |
|
| 245 | 0 | 0 |
_aHealth and safety statistics 2014/15 _bAnnual report for Great Britain _h[electronic resource] |
| 260 |
_a[S.l.] _bHealth and Safety Executive _c2015 |
||
| 520 | _aPresents the latest key facts on work-related ill health, workplace injuries and enforcement by countries and regions, industry sectors and occupation groups. It reports on progress since 2000 and inlcudes sources and definitions. | ||
| 521 | _aAdvanced | ||
| 590 | _aKA NTK | ||
| 651 | 4 |
_aGreat Britain _y1707- |
|
| 690 |
_aHealth and safety _96244 |
||
| 856 | 4 | 0 |
_uhttps://www.hse.gov.uk/statistics/overall/hssh1415.pdf _zView the item free of charge at www.hse.gov.uk |
| 942 | _n0 | ||
| 999 |
_c115633 _d115633 |
||